00973nam a2200301Ia 450000100060000000300100000600500170001600700030003300800400003602000180007604000350009404100080012908400110013710000390014824500680018725000370025526400270029230000390031933600270035833700330038533800280041849000380044665000420048465000410052665000530056765000330062070000180065357389CO-BoRNBP20250625143659.0ta170322s2007 ck a g00 0 und dj s  a9789586155663 aCO-BoRNBPbspaerdacCO-BoRNBP aspa aC OLA1 aOlaizola Sarria, JoséLuisd1927-13aEl gato chinocJoséLuis Olaizola ; ilustrado por Roser Ríus a1a. edición., 7a reimpresión aBogotábEducarc2007 a48 páginasbilustracionesc18 cm atextobtxt2rdacontent asin mediaciónbn2rdamedia avolumenbnc2rdacarrier aAlas de papel : primeros lectores10aCuentos infantiles españoles.2LEMB17aLiteratura infantil española2LEMB10aRelación hombrexanimal en la literatura2LEMB17aGatos en la literatura2LEMB aRíus, Roser